000 00926nam a2200205Ia 4500
999 _c38291
_d38291
001 4301
003 GE_BSU
005 20191010114840.0
008 181216s1984||||ge |||||||||||||| ||geo||
040 _cGE_BSU
041 _ageo
080 _a355.48(479.22)(092)+94(479.22)"1941-1945 ჩ-98
100 _aჩხიკვიშვილი, დავით
_91455
245 _aმტრის ღრუბლიან ცაში :
_bმოგონებები /
_cრედ. და წინასიტყვ. ავტ. ირ. აბაშიძე.
264 _aთბილისი :
_bთბილისის უნ-ტის გამ–ბა,
_c1984.
300 _a109 გვ.:
_b20 სმ.
653 _aქართველი მფრინავები დიდ სამამულო ომში
700 _aაბაშიძე, ირ.
_eრედაქტორი
_94665
942 _cBK
_2udc